Silloge: scritti 1956-1996
Enregistré dans:
| Auteur principal: | |
|---|---|
| Format: | Livre |
| Langue: | italien latin |
| Publié: |
Catania
Torre
1998
|
| Sujets: | |
| Tags: |
Ajouter un tag
Pas de tags, Soyez le premier à ajouter un tag!
|
MARC
| LEADER | 00000nam a2200000 a 4500 | ||
|---|---|---|---|
| 001 | UCK3301 | ||
| 003 | CL-VaPUC | ||
| 008 | 050422e19980000IT |||||||||||||||||ita|d | ||
| 020 | |a 8871320190v.1 | ||
| 041 | 0 | 7 | |a ita |2 CL-VaPUC |
| 041 | 0 | 7 | |a lat |2 CL-VaPUC |
| 082 | 0 | 4 | |a 340.54 |b NIC |2 21 |
| 100 | |a Nicosia, Giovanni |e autore |9 875226 | ||
| 245 | 1 | 0 | |a Silloge: scritti 1956-1996 |
| 300 | |a v | ||
| 942 | |c BK | ||
| 945 | |d 20050422 00:00:00 |a cmena | ||
| 260 | |a Catania |b Torre |c 1998 | ||
| 650 | 0 | |a Derecho romano |9 255930 | |
| 650 | 0 | |a Fuentes del derecho |9 255162 | |
| 650 | 0 | |a Historia del derecho |9 255109 | |
| 583 | |a last modification |c 20050422 00:00:00 |k Rodrigo Vera | ||
| 999 | |c 312548 |d 312546 | ||
| 952 | |0 0 |1 0 |4 0 |6 340_540000000000000_NIC_1998 |7 0 |8 DER_ROM |9 383038 |a BIBDER |b BIBDER |d 2019-11-21 |h v.1 |i 4105893 |o 340.54 NIC 1998 |p 4105893 |r 2023-01-25 |w 2019-11-21 |x Ubicación 4to piso |y BK |z Este recurso debe solicitarse con anticipación |k DER | ||
| 952 | |0 0 |1 0 |4 0 |6 340_540000000000000_NIC_1998 |7 0 |8 DER_ROM |9 383039 |a BIBDER |b BIBDER |d 2019-11-21 |h v.2 |i 4105907 |o 340.54 NIC 1998 |p 4105907 |r 2023-01-25 |w 2019-11-21 |x Ubicación 4to piso |y BK |z Este recurso debe solicitarse con anticipación |k DER | ||